Polacy we Włoskich Ligach - Statystyki

Ogólne statystyki
  • Ten quiz został rozwiązany 62 razy
  • Średni wynik to 4 z 27
Statystyki odpowiedzi
Zawodnik Klub % Poprawnych
Wojciech Szczęsny Juventus Turyn
86%
Piotr Zieliński SSC Napoli
60%
Karol Linetty Torino
53%
Łukasz Skorupski Bologna
28%
Szymon Żurkowski Empoli
26%
Bartłomiej Drągowski AC Fiorentina
19%
Sebastian Walukiewicz Cagliari Calcio
17%
Paweł Dawidowicz Hellas Verona
17%
Kamil Glik Benevento Calcio
14%
Arkadiusz Reca Crotone
14%
Bartosz Bereszyński UC Sampdoria
14%
Filip Jagiełło Brescia Calcio
7%
Jakub Labojko Brescia Calcio
7%
Piotr Parzyszek Frosinone Calcio
3%
Przemysław Szymiński Frosinone Calcio
3%
Mariusz Stępiński US Lecce
3%
Marcin Listkowski US Lecce
3%
Sebastian Musiolik Pordenone Calcio
2%
Adam Chrzanowski Pordenone Calcio
2%
Patryk Dziczek US Salernitana
2%
Paweł Jaroszyński US Salernitana
2%
Tomasz Kupisz US Salernitana
2%
Davide Mastaj AC Gozzano
0%
Szymon Fyda ASD Manzanese Calcio
0%
Szymon Matysiak AS Livorno
0%
Thiago Cionek Reggina 1914
0%
Michał Lewandowski Teramo Calcio
0%
Nie znaleziono quizów pasujących do podanych kryteriów
Rozkład punktacji
Procent ludzi z każdym wynikiem
Percentyl według liczby udzielonych odpowiedzi
Twoja historia wyników
Nie rozwiązałeś tego quizu